<?xml version="1.0" encoding="UTF-8"?>
<record
    xmlns:xsi="http://www.w3.org/2001/XMLSchema-instance"
    xsi:schemaLocation="http://www.loc.gov/MARC21/slim http://www.loc.gov/standards/marcxml/schema/MARC21slim.xsd"
    xmlns="http://www.loc.gov/MARC21/slim">

  <leader>03768cam a22003854a 4500</leader>
  <controlfield tag="001">14783645</controlfield>
  <controlfield tag="003">OSt</controlfield>
  <controlfield tag="005">20260213103744.0</controlfield>
  <controlfield tag="008">070326s2008    ilu      b    001 0 eng  </controlfield>
  <datafield tag="010" ind1=" " ind2=" ">
    <subfield code="a">  2007012468</subfield>
  </datafield>
  <datafield tag="020" ind1=" " ind2=" ">
    <subfield code="a">9781581348736</subfield>
    <subfield code="q">hc</subfield>
  </datafield>
  <datafield tag="020" ind1=" " ind2=" ">
    <subfield code="a">1581348738</subfield>
    <subfield code="q">hc</subfield>
  </datafield>
  <datafield tag="035" ind1=" " ind2=" ">
    <subfield code="a">14783645</subfield>
  </datafield>
  <datafield tag="040" ind1=" " ind2=" ">
    <subfield code="a">DLC</subfield>
    <subfield code="c">DLC</subfield>
    <subfield code="d">DLC</subfield>
  </datafield>
  <datafield tag="050" ind1="0" ind2="0">
    <subfield code="a">BS1325.53</subfield>
    <subfield code="b">.W66 2008</subfield>
  </datafield>
  <datafield tag="082" ind1="0" ind2="0">
    <subfield code="a">222/.4307</subfield>
    <subfield code="2">22</subfield>
  </datafield>
  <datafield tag="100" ind1="1" ind2=" ">
    <subfield code="a">Woodhouse, John,</subfield>
    <subfield code="d">1949-</subfield>
  </datafield>
  <datafield tag="245" ind1="1" ind2="0">
    <subfield code="a">1 Samuel :</subfield>
    <subfield code="b">looking for a leader /</subfield>
    <subfield code="c">John Woodhouse ; R. Kent Hughes, general editor.</subfield>
  </datafield>
  <datafield tag="260" ind1=" " ind2=" ">
    <subfield code="a">Wheaton, Ill. :</subfield>
    <subfield code="b">Crossway Books,</subfield>
    <subfield code="c">c2008.</subfield>
  </datafield>
  <datafield tag="300" ind1=" " ind2=" ">
    <subfield code="a">669 p. ;</subfield>
    <subfield code="c">24 cm.</subfield>
  </datafield>
  <datafield tag="336" ind1=" " ind2=" ">
    <subfield code="a">text</subfield>
    <subfield code="b">txt</subfield>
    <subfield code="2">rdacontent</subfield>
  </datafield>
  <datafield tag="337" ind1=" " ind2=" ">
    <subfield code="a">unmediated</subfield>
    <subfield code="b">n</subfield>
    <subfield code="2">rdamedia</subfield>
  </datafield>
  <datafield tag="338" ind1=" " ind2=" ">
    <subfield code="a">volume</subfield>
    <subfield code="b">nc</subfield>
    <subfield code="2">rdacarrier</subfield>
  </datafield>
  <datafield tag="490" ind1="0" ind2=" ">
    <subfield code="a">Preaching the Word</subfield>
  </datafield>
  <datafield tag="504" ind1=" " ind2=" ">
    <subfield code="a">Includes bibliographical references (p. [555]-631) and index.</subfield>
  </datafield>
  <datafield tag="505" ind1="0" ind2=" ">
    <subfield code="a">Samuel : the leader God provided (1 Samuel 1-7) -- The leadership crisis (1 Samuel 1:1-2) -- Does God care? (1 Samuel 1:3-28) -- The God of knowledge (1 Samuel 2:1-10) -- Corruption and ineptitude (1 Samuel 2:11-26) -- God and corruption (1 Samuel 2:27-36) -- When God speaks (1 Samuel 3) -- The problem of the power of God (1 Samuel 4:1-11) -- Where is the glory? (1 Samuel 4:12-22) -- The problem of the power of God (1 samuel 5) -- Knowing the power of God (1 Samuel 6) -- Effective leadership (1 Samuel 7) -- Saul : the leader the people asked for (1 Samuel 8-15) -- The leader Israel wanted (1 Samuel 8) -- Lost donkeys and the Word of God (1 Samuel 9) -- The secret of the kingdom (1 Samuel 10:1-16) -- The king and the kingdom (1 Samuel 10:17-27) -- The kingdom at war (1 Samuel 11:1-11) -- Kingdom renewal (1 Samuel 11:12-15) -- Kingdom renewal (1 Samuel 12) -- The fool (1 Samuel 13) -- A leader who trusted God (1 Samuel 14:1-23) -- Disobedience and foolishness (1 Samuel 14:24-52) -- The leader who let them down (1 Samuel 15:1-11) -- The rejected king (1 Samuel 15:12-35) -- David : the leader according to God's own heart (1 Samuel 16-31) -- See as God sees (1 Samuel 16:1-13) -- Two kings : a confusing world (1 Samuel 16:14-23) -- The enemy (1 Samuel 17:1-11) -- The God of the unexpected (1 Samuel 17:12-30) -- The gospel of David (1 Samuel 17:31-40) -- David and Goliath (1 Samuel 17:41-58) -- Do you love Him? (1 Samuel 18:1-16) -- Love him or fear Him (1 Samuel 18:17-30) -- Against the Lord and his anointed (1 Samuel 19:1-10) -- The Lord holds them in derision (1 Samuel 19:11-24) -- What do you fear? (1 Samuel 20:1-23) -- If anyone does not hate his own father(1 Samuel 20:24-42) -- Have you not read what David did? (1 Samuel 21:1-9) -- Out of the frying pan (1 Samuel 21:10-15) -- God chose what was low and despised in the world (1 Samuel 22:1-5) -- The antichrist (1 Samuel 22:6-23) -- The Christ must suffer (1 Samuel 23:1-14) -- Therefore we do not lose heart (1 Samuel 23:15-29) -- He did not revile in return (1 Samuel 24) -- Vengeance belongs to the Lord (1 Samuel 25) -- Righteousness and faithfulness (1 Samuel 26) -- Clever and cunning success (1 Samuel 27) -- Having no hope and without God (1 Samuel 28) -- The trial of David (1 Samuel 29) -- A king who gives! (1 Samuel 30) -- The king is dead (1 Samuel 31).</subfield>
  </datafield>
  <datafield tag="630" ind1="0" ind2="0">
    <subfield code="a">Bible.</subfield>
    <subfield code="p">Samuel, 1st</subfield>
    <subfield code="v">Commentaries.</subfield>
  </datafield>
  <datafield tag="655" ind1=" " ind2="7">
    <subfield code="a">Commentaries.</subfield>
    <subfield code="2">lcgft</subfield>
    <subfield code="0">https://id.loc.gov/authorities/genreForms/gf2025026014</subfield>
  </datafield>
  <datafield tag="700" ind1="1" ind2=" ">
    <subfield code="a">Hughes, R. Kent,</subfield>
    <subfield code="d">1942-</subfield>
  </datafield>
  <datafield tag="856" ind1="4" ind2="1">
    <subfield code="3">Table of contents only</subfield>
    <subfield code="u">http://www.loc.gov/catdir/toc/ecip0714/2007012468.html</subfield>
  </datafield>
  <datafield tag="906" ind1=" " ind2=" ">
    <subfield code="a">7</subfield>
    <subfield code="b">cbc</subfield>
    <subfield code="c">orignew</subfield>
    <subfield code="d">1</subfield>
    <subfield code="e">ecip</subfield>
    <subfield code="f">20</subfield>
    <subfield code="g">y-gencatlg</subfield>
  </datafield>
  <datafield tag="942" ind1=" " ind2=" ">
    <subfield code="2">lcc</subfield>
    <subfield code="c">BK</subfield>
  </datafield>
  <datafield tag="999" ind1=" " ind2=" ">
    <subfield code="c">21195</subfield>
    <subfield code="d">21194</subfield>
  </datafield>
  <datafield tag="952" ind1=" " ind2=" ">
    <subfield code="0">0</subfield>
    <subfield code="1">0</subfield>
    <subfield code="2">lcc</subfield>
    <subfield code="7">0</subfield>
    <subfield code="a">KABU</subfield>
    <subfield code="b">KABU</subfield>
    <subfield code="c">GEN</subfield>
    <subfield code="d">2026-02-13</subfield>
    <subfield code="e">Donation</subfield>
    <subfield code="i">2025/3515</subfield>
    <subfield code="l">0</subfield>
    <subfield code="o">BS1325.53 .W66 2008 C.1</subfield>
    <subfield code="p">38407</subfield>
    <subfield code="r">2026-02-13 10:38:50</subfield>
    <subfield code="t">C.1</subfield>
    <subfield code="w">2026-02-13</subfield>
    <subfield code="y">BK</subfield>
  </datafield>
</record>
